000
00325 a2200145 4500
001
60848
020
_a
9783120100010
040
_c
Anchieta - Pituba
240
1
0
_a
Wörterbuch der jugendsprache
_l
por
245
1
0
_a
Wörterbuch der jugendsprache
300
_a
141
362
0
_a
2008
650
4
_a
Língua alemã
942
_c
BK
999
_c
60848
_d
60848